Z lefantovského archívu

Podrobná bibliografia
Hlavný autor: Kotek, Alfréd (Autor)
Médium: Článok
Jazyk:slovenčina
PhysicalDescription:Fotogr.
ISSN:0231-8768
Predmet:

MARC

LEADER 00000nab a2200000 a 4500
001 vtls009450690
003 SK-MaSNL
005 20260305032210.0
008 250507c2008 xo |||||||||||000 b|slo
015 |a SNBRB2008/11  |2 snkbucl 
035 |a (uuid)485d2cb7-24c0-4c0f-a58c-acb01d6aa2ee 
035 |a urn:nbn:sk:snk-abetuf 
035 |a (urnnbn)urn:nbn:sk:snk:ar-0075zj 
038 |a SNKBUCL 
040 |a SNKBUCL  |b slo  |c SNKBUCL  |e AACR2 
041 0 |a slo 
044 |a xo  |c SK 
080 |a 639.1  |x (091)  |x (437.6)  |2 1997 
080 |a 639.1.052.04  |x (091)  |x (437.6)  |2 1997 
100 1 |a Kotek, Alfréd  |4 aut  |9 472252 
245 1 0 |a Z lefantovského archívu  |c Alfréd Kotek 
300 |b Fotogr. 
650 0 7 |a dejiny poľovníctva  |2 snkbucl  |9 13414 
650 0 7 |a zvernice  |2 snkbucl  |9 58872 
651 7 |a Horné Lefantovce (Slovensko)  |2 snkbucl  |9 90491 
651 7 |a Nitra (Slovensko : okres)  |2 snkbucl  |9 24094 
773 0 |t Poľovníctvo a rybárstvo  |g Roč. 60, č. 11 (2008), s. 50-51  |x 0231-8768 
850 |a Slovenská národná knižnica 
852 |a Slovenská národná knižnica 
954 |a odborná, vedecká literatúra pôvodná (slovenská)  |2 lita 
958 |a article27 
958 |a SK 
958 |a OND 
958 |a EUIPO 
999 |c 3319081  |d 3321011